5HLuxD.jpg

KING HENRY VIII SENIOR AND PRIMARY SCHOOL LIBRARY OPAC

Pai Naa : (Record no. 5565)

000 -LEADER
fixed length control field 01005pam a2200277 i 4500
001 - CONTROL NUMBER
control field 018469249
003 - CONTROL NUMBER IDENTIFIER
control field Uk
005 - DATE AND TIME OF LATEST TRANSACTION
control field 20251003081328.0
008 - FIXED-LENGTH DATA ELEMENTS--GENERAL INFORMATION
fixed length control field 170606s2017 enkab 000|0|eng|d
020 ## - INTERNATIONAL STANDARD BOOK NUMBER
International Standard Book Number 9781912049066
Qualifying information paperback
040 ## - CATALOGING SOURCE
Original cataloging agency StDuBDS
Language of cataloging eng
Transcribing agency StDuBDS
Modifying agency Uk
-- KH8
Description conventions rda
042 ## - AUTHENTICATION CODE
Authentication code ukblcatcopy
082 04 - DEWEY DECIMAL CLASSIFICATION NUMBER
Classification number 940.54 THA
Edition number 23
100 1# - MAIN ENTRY--PERSONAL NAME
Personal name Thatcher, Dorothy,
Relator term author.
245 10 - TITLE STATEMENT
Title Pai Naa :
Remainder of title the true story of Englishwoman Nona Baker's survival in the Malayan jungle during WWII /
Statement of responsibility, etc. Dorothy Thatcher & Robert Cross.
264 #1 - PRODUCTION, PUBLICATION, DISTRIBUTION, MANUFACTURE, AND COPYRIGHT NOTICE
Place of production, publication, distribution, manufacture Burrough on the Hill, Leicestershire :
Name of producer, publisher, distributor, manufacturer Monsoon,
Date of production, publication, distribution, manufacture, or copyright notice 2017.
300 ## - PHYSICAL DESCRIPTION
Extent 223 pages :
Other physical details illustrations, 1 map ;
Dimensions 20 cm
336 ## - CONTENT TYPE
Content type term text
Source rdacontent
337 ## - MEDIA TYPE
Media type term unmediated
Source rdamedia
338 ## - CARRIER TYPE
Carrier type term volume
Source rdacarrier
530 ## - ADDITIONAL PHYSICAL FORM AVAILABLE NOTE
Additional physical form available note Also issued online.
650 #0 - SUBJECT ADDED ENTRY--TOPICAL TERM
Topical term or geographic name entry element World War, 1939-1945
Form subdivision Personal narratives, British.
650 #0 - SUBJECT ADDED ENTRY--TOPICAL TERM
Topical term or geographic name entry element World War, 1939-1945
Geographic subdivision Malaysia
-- Malaya.
700 1# - ADDED ENTRY--PERSONAL NAME
Personal name Cross, Robert
Titles and other words associated with a name (Writer on Nona Baker),
Relator term author.
942 ## - ADDED ENTRY ELEMENTS (KOHA)
Source of classification or shelving scheme
Koha item type Books - Non Ficton
Holdings
Withdrawn status Lost status Source of classification or shelving scheme Damaged status Not for loan Collection code Permanent Location Current Location Shelving location Date acquired Full call number Barcode Date last seen Price effective from Koha item type
          Non-Fiction KH8 Senior School Library KH8 Senior School Library Non Fiction 2025-10-03 940.54 THA 3KHSL000102439 2025-10-03 2025-10-03 Books - Non Ficton

Powered By KH8 IT Dept